Ministering to youth: (Record no. 12483)

000 -LEADER
fixed length control field 00674nam a2200193 a 4500
001 - CONTROL NUMBER
control field :::00010285$&:&@@
003 - CONTROL NUMBER IDENTIFIER
control field OkBaRHE
005 - DATE AND TIME OF LATEST TRANSACTION
control field 20000607103357.0
008 - FIXED-LENGTH DATA ELEMENTS--GENERAL INFORMATION
fixed length control field s1980 j 000 0 eng u
040 ## - CATALOGING SOURCE
Transcribing agency
100 1# - MAIN ENTRY--PERSONAL NAME
Personal name Roadcup, David,
245 10 - TITLE STATEMENT
Title Ministering to youth:
Remainder of title a strategy for the 80's.
260 ## - PUBLICATION, DISTRIBUTION, ETC. (IMPRINT)
Place of publication, distribution, etc Cincinnati, OH., :
Name of publisher, distributor, etc Standard Publishing Co.
Date of publication, distribution, etc c1980
300 ## - PHYSICAL DESCRIPTION
Extent 254 p. ;
Dimensions 21 cm.
650 ## - SUBJECT ADDED ENTRY--TOPICAL TERM
Topical term or geographic name as entry element Church Work with Young Adults
General subdivision Addresses, Essays, Lectures
650 ## - SUBJECT ADDED ENTRY--TOPICAL TERM
Topical term or geographic name as entry element Church Work with Youth
General subdivision Addresses, Essays, Lectures
942 ## - ADDED ENTRY ELEMENTS (KOHA)
Source of classification or shelving scheme
Koha item type Books
Copies
Copy number Lost status Full call number Not for loan Permanent Location Shelving location Withdrawn status Price effective from Damaged status Source of classification or shelving scheme Barcode Date acquired Koha item type Date last seen
1 BV 4447 .M53 RHEMA Bible Training CollegeGeneral Stacks 2010-04-14  102852010-04-14Books2010-04-14